Tout les Joueurs de Al Nassr depuis l'arrivé de Cristiano Ronaldo - Statistiques

Statistiques générales
  • Ce quiz a été pris 20 fois
  • Le résultat moyen est 10 sur 59
Statistiques - réponses
Pays Originaire Joueurs % Correct
Sénégal Mané
85%
Croatie Brozovic
75%
Espagne Laporte
65%
Colombie Duran
55%
Portugal Otavio
55%
France Simakan
55%
Côte d'Ivoire Fofana
50%
Brésil Talisca
50%
Brésil Bento
45%
Argentine Martinez
40%
Brésil Wesley
40%
Cameroun Aboubakar
35%
Brésil Angelo
35%
Colombie Ospina
35%
Arabie saoudite Al-Ghannam
25%
Arabie saoudite Al-Ghannam
25%
Côte d'Ivoire Konan
25%
Brésil Telles
25%
Arabie saoudite Ghareeb
20%
Arabie saoudite Al-Amri
15%
Arabie saoudite Al-Aqidi
15%
Arabie saoudite Al Fatil
15%
Brésil Gustavo
15%
Arabie saoudite Lajami
15%
Arabie saoudite Marran
15%
Arabie saoudite Yahya
15%
Arabie saoudite Abdullah
10%
Arabie saoudite Al-Hassan
10%
Arabie saoudite Al Khaibari
10%
Espagne Gonzalez
10%
Arabie saoudite Al Bukhari
5%
Arabie saoudite Ali
5%
Arabie saoudite Al Nemer
5%
Arabie saoudite Al Sulayhim
5%
Arabie saoudite Madu
5%
Ouzbékistan Masharipov
5%
Argentine Rossi
5%
Arabie saoudite Al Alawi
0%
Arabie saoudite Alammari
0%
Arabie saoudite Al Anzi
0%
Arabie saoudite Al Awardi
0%
Arabie saoudite Al Elewai
0%
Arabie saoudite Al Faraj
0%
Arabie saoudite Al Mansour
0%
Arabie saoudite Al Marri
0%
Arabie saoudite Al-Najei
0%
Arabie saoudite Al Shammari
0%
Arabie saoudite Al Zubaidi
0%
Arabie saoudite Asiri
0%
Arabie saoudite Barah
0%
Arabie saoudite Bu Washl
0%
Arabie saoudite Haqawi
0%
Arabie saoudite Hawsawi
0%
Arabie saoudite Kaabi
0%
Arabie saoudite Majrashi
0%
Arabie saoudite Ozaybi
0%
Arabie saoudite Qasem
0%
Arabie saoudite Qasheesh
0%
Arabie saoudite Suhluli
0%
Aucun quiz correspondant
Distribution des résultats
% des personnes avec chaque résultat
Percentile par nombre de réponses
Votre historique - résultats
Vous n’avez pas pris ce quiz